1122 1117 1576 1804 1103 1592 1634 1131 1597 1859 1208 1344 1730 1572 1641 1783 1794 1399 1629 1745 1023 1073 1179 1530 1859 1998 1318 1747 1237 1539 1685 1641 1222 1848 1243 1583 1929 1925 1862 1885 1843 1789 1223 1209 1855 1338 1070 1017 1019 1143 1458 1530 1382 1495 1909 1966 1261 1913 1289 1946 1870 1684 1263 1232 1567 1546 1100 1412 1530 1728 1286 1190 1447 1031 1225 1881 1261 1034 1265 1807 1641 1858 1429 1224 1176 1398 1645 1009 1693 1828 1017 1011 1272 1803 1312 1369 1963 1695 1496 BCNSPRNW ULIB Ver.6.0+V

เปลี่ยนเป็นภาษาไทย

Change to English
 แสดงรายละเอียดบรรณานุกรม
  กลับหน้าหลัก

Brief Record : Get Marc (ISO 2709) : E-mail record : QR code < ปิดหน้าต่าง
LEADER : 00000nam 2200000uu 4500
001    13399121372
003     ULIB
008    020711s2548 th a 000 0 tha d
020    9749343530
099    ^aวจ.QT225^bก673ร
100    กิตติพร เนาว์สุวรรณ
110    วิทยาลัยบรมราชชนนี นราธิวาส
245    รูปแบบการออกกำลังกายแบบกะลาบิค /^cกิตติพร เนาว์สุวรรณ,พรทิวา คงคุณ,รังสฤษฏ์ แวดือรานม
260    นราธิวาส :^bวิทยาลัยบรมราชชนนี นราธิวาส,^c2548
300    209 หน้า
650    ออกกำลังกาย^xวิจัย
650    กะลาบิค^xวิจัย
700    พรทิวา คงคุณ
700    รังสฤษฏ์ แวดือรานม
710    มหาวิทยาลัยนราธิวาสราชนครินทร์
945    ^p0^l0^i033101
999    ^aวรรณษา ชูชัยมงคล
รายการนี้ยังไม่มีแท็ก
คุณยังไม่ได้ล็อกอิน คุณสามารถมีกิจกรรมร่วมกับเว็บไซต์ได้ แต่ต้องล็อกอินก่อน ::
  ล็อกอิน

รายการสื่อสารสนเทศ

ลำดับที่ ประเภท เลขเรียก/บาร์โค้ด สถานที่ สถานะ
1. งานวิจัย
งานวิจัย
วจ.QT225 ก673ร ฉ.1 
  Barcode: 033101
ห้องสมุดวิทยาเขตสวรรค์ประชารักษ์
►วิจัย
บนชั้น

รายการใกล้เคียง
    ผู้แต่ง [กิตติพร เนาว์สุวรรณ]

BibComment


ยังไม่เคยถูกคอมเมนท์

คอมเมนท์ทรัพยากรรายการนี้
  คอมเมนท์: รูปแบบการออกกำลัง..


 Copyright 2026. Bcnsprnw @Library